<?xml version="1.0" encoding="UTF-8"?>
<record
    xmlns:xsi="http://www.w3.org/2001/XMLSchema-instance"
    xsi:schemaLocation="http://www.loc.gov/MARC21/slim http://www.loc.gov/standards/marcxml/schema/MARC21slim.xsd"
    xmlns="http://www.loc.gov/MARC21/slim">

  <leader>04829nam a2200565 a 4500</leader>
  <controlfield tag="001">BRCA_8447</controlfield>
  <controlfield tag="003">FranzMayer</controlfield>
  <controlfield tag="005">20220809124854.0</controlfield>
  <controlfield tag="008">291015s2010----po-ab#####---#000-0#por-#</controlfield>
  <datafield tag="020" ind1=" " ind2=" ">
    <subfield code="a">9789726362005</subfield>
  </datafield>
  <datafield tag="040" ind1=" " ind2=" ">
    <subfield code="c">MFM</subfield>
  </datafield>
  <datafield tag="041" ind1=" " ind2=" ">
    <subfield code="a">por</subfield>
  </datafield>
  <datafield tag="041" ind1=" " ind2=" ">
    <subfield code="a">spa</subfield>
  </datafield>
  <datafield tag="044" ind1=" " ind2=" ">
    <subfield code="a">po</subfield>
  </datafield>
  <datafield tag="050" ind1=" " ind2="4">
    <subfield code="a">GA401</subfield>
    <subfield code="b">.M37 2010</subfield>
  </datafield>
  <datafield tag="245" ind1="1" ind2="0">
    <subfield code="a">Mapas de metade do mundo. </subfield>
    <subfield code="b">A cartografia e a constru&#xE7;&#xE3;o territorial dos espa&#xE7;os americanos : s&#xE9;culos XVI a XIX = Mapas de la mitad del mundo. La cartograf&#xED;a y la construcci&#xF3;n territorial de los espacios americanos : siglos XVI al XIX</subfield>
    <subfield code="c">Francisco Roque de Oliveira, H&#xE9;ctor Mendoza Vargas, coord.</subfield>
  </datafield>
  <datafield tag="260" ind1=" " ind2=" ">
    <subfield code="a">Lisboa, Portugal</subfield>
    <subfield code="b">Centro de Estudios Geogr&#xE1;ficos, Universidade de Lisboa ; </subfield>
    <subfield code="a">M&#xE9;xico, D.F. : </subfield>
    <subfield code="b">Instituto de Geograf&#xED;a, Universidad Nacional Aut&#xF3;noma de M&#xE9;xico</subfield>
    <subfield code="c">2010</subfield>
  </datafield>
  <datafield tag="300" ind1=" " ind2=" ">
    <subfield code="a">463 p.</subfield>
    <subfield code="b">il., mapas, im&#xE1;genes fotogr&#xE1;ficas b/n ; </subfield>
    <subfield code="c">22 cm.</subfield>
  </datafield>
  <datafield tag="500" ind1=" " ind2=" ">
    <subfield code="a">Ubicaci&#xF3;n de CONT9948: L60-N1</subfield>
  </datafield>
  <datafield tag="504" ind1=" " ind2=" ">
    <subfield code="a">Incluye referencias bibliogr&#xE1;ficas</subfield>
  </datafield>
  <datafield tag="505" ind1=" " ind2=" ">
    <subfield code="t">Mapas de metade do mundo / Mapas de la mitad del mundo</subfield>
    <subfield code="r">Francisco Roque de Oliveira; H&#xE9;ctor Mendoza Vargas</subfield>
  </datafield>
  <datafield tag="505" ind1=" " ind2=" ">
    <subfield code="t">Los mapas de M&#xE9;xico: situaci&#xF3;n actual y an&#xE1;lisis de las trayectorias / </subfield>
    <subfield code="r">Raquel Urroz, H&#xE9;ctor Mendoza Vargas </subfield>
  </datafield>
  <datafield tag="505" ind1=" " ind2=" ">
    <subfield code="t">El mapa de la Nueva Galicia (1579) de Abraham Ortelius, sus fuentes y su g&#xE9;nesis / </subfield>
    <subfield code="r">Thomas Hillerkuss, Elizabeth del Carmen Flores Olague</subfield>
  </datafield>
  <datafield tag="505" ind1=" " ind2=" ">
    <subfield code="t">Mapa, texto e contexto num imp&#xE9;rio em movimento. Exerc&#xED;cio de interpreta&#xE7;&#xE3;o epistemol&#xF3;gica da Brasiliae Geographica Tabula Nova de Georg Marcgraf (1643-1647) / </subfield>
    <subfield code="r">Beatriz Piccolotto Siqueira Bueno</subfield>
  </datafield>
  <datafield tag="505" ind1=" " ind2=" ">
    <subfield code="t">Jaime Cortes&#xE3;o, cart&#xF3;logo no Brasil. G&#xE9;nese e conte&#xFA;do dos cursos de Hist&#xF3;ria da Cartografia e da Forma&#xE7;&#xE3;o Territorial Brasileira leccionados no Itamaraty (1944-1950) / </subfield>
    <subfield code="r">Francisco Roque de Oliveira</subfield>
  </datafield>
  <datafield tag="505" ind1=" " ind2=" ">
    <subfield code="t">Trasposiciones del paisaje del lugar de proveniencia m&#xED;tica en la geograf&#xED;a de los pueblos ind&#xED;genas de M&#xE9;xico / </subfield>
    <subfield code="r">&#xC1;ngel Juli&#xE1;n Garc&#xED;a Zambrano</subfield>
  </datafield>
  <datafield tag="505" ind1=" " ind2=" ">
    <subfield code="t">Pintura de Atlatlahuca, 1588: un an&#xE1;lisis espacial / </subfield>
    <subfield code="r">Ana Elsa Ch&#xE1;vez Pe&#xF3;n Herrero, Gustavo Garza Merodio, Federico Fern&#xE1;ndez Christlieb</subfield>
  </datafield>
  <datafield tag="505" ind1=" " ind2=" ">
    <subfield code="t">Mapeando conflitos: poderes locais, hierarquia urbana e organiza&#xE7;&#xE3;o pol&#xED;tico-territorial nas Minas setecentistas / </subfield>
    <subfield code="r">Cl&#xE1;udia Damasceno Fonseca</subfield>
  </datafield>
  <datafield tag="505" ind1=" " ind2=" ">
    <subfield code="t">Desenhar cidades no papel e no terreno: cartografia e urbanismo na Amaz&#xF3;nia e Mato Grosso no s&#xE9;culo XVIII / </subfield>
    <subfield code="r">Renata Malcher de Araujo</subfield>
  </datafield>
  <datafield tag="505" ind1=" " ind2=" ">
    <subfield code="t">Cartograf&#xED;a y escritura cartogr&#xE1;fica. Los diferentes Per&#xFA; de la Geograf&#xED;a y Descripci&#xF3;n Universal de las Indias de Juan L&#xF3;pez de Velasco / </subfield>
    <subfield code="r">Alejandra Vega Palma</subfield>
  </datafield>
  <datafield tag="505" ind1=" " ind2=" ">
    <subfield code="t">Miguel Constanz&#xF3; y el conocimiento y la representaci&#xF3;n de California (1767-1770) / </subfield>
    <subfield code="r">Jos&#xE9; Omar Moncada Maya</subfield>
  </datafield>
  <datafield tag="505" ind1=" " ind2=" ">
    <subfield code="t">Noticias locales para representaciones nacionales: mapas y planos de las "Noticias Estad&#xED;sticas" de principio de siglo XIX (1836). El caso de la Huasteca potosina /  </subfield>
    <subfield code="r">Ricardo A. Fagoaga Hern&#xE1;ndez</subfield>
  </datafield>
  <datafield tag="505" ind1=" " ind2=" ">
    <subfield code="t">O conhecimento da &#xE1;rea de fronteira entre Mato Grosso e a Am&#xE9;rica Espanhola no s&#xE9;culo XVIII: a procura de informa&#xE7;&#xF5;es geogr&#xE1;ficas e cartogr&#xE1;ficas por portugueses e castelhanos / </subfield>
    <subfield code="r">M&#xE1;rio Clemente Ferreira</subfield>
  </datafield>
  <datafield tag="505" ind1=" " ind2=" ">
    <subfield code="t">Usos geopol&#xED;ticos da mem&#xF3;ria topon&#xED;mica na forma&#xE7;&#xE3;o do Estado brasileiro (1750-1850) / </subfield>
    <subfield code="r">&#xCD;ris Kantor</subfield>
  </datafield>
  <datafield tag="505" ind1=" " ind2=" ">
    <subfield code="t">Paisajes topon&#xED;micos. La potencia visual de los top&#xF3;nimos y el imaginario geogr&#xE1;fico sobre la Patagonia en la segunda mitad del siglo XIX / </subfield>
    <subfield code="r">Carla Lois</subfield>
  </datafield>
  <datafield tag="505" ind1=" " ind2=" ">
    <subfield code="t">O Atlas geogr&#xE1;fico escolar de Candido Mendes de Almeida e o ensino de geografia no Brasil Imperial / </subfield>
    <subfield code="r">Val&#xE9;ria Trevizani Burla de Aguiar</subfield>
  </datafield>
  <datafield tag="505" ind1=" " ind2=" ">
    <subfield code="t">A introdu&#xE7;&#xE3;o da projec&#xE7;&#xE3;o de Mercator na cartografia n&#xE1;utica portuguesa / </subfield>
    <subfield code="r">Ant&#xF3;nio Jos&#xE9; Duarte Costa Canas</subfield>
  </datafield>
  <datafield tag="505" ind1=" " ind2=" ">
    <subfield code="t">De S&#xE3;o L&#xE1;zaro &#xE0;s Filipinas: imagens de um arquip&#xE9;lago na cartografia n&#xE1;utica ib&#xE9;rica do s&#xE9;culo XVI / </subfield>
    <subfield code="r">Miguel Rodrigues Louren&#xE7;o</subfield>
  </datafield>
  <datafield tag="505" ind1=" " ind2=" ">
    <subfield code="t">Francisco de la Bodega y Cuadra y los mapas de Acapulco, Paita y Callao (1777-1778) / </subfield>
    <subfield code="r">Guadalupe Pinz&#xF3;n R&#xED;os</subfield>
  </datafield>
  <datafield tag="505" ind1=" " ind2=" ">
    <subfield code="t">Exploraciones n&#xE1;uticas en la costa del Pac&#xED;fico mexicano. Cartas y derroteros de la segunda mitad del siglo XIX / </subfield>
    <subfield code="r">Karina Busto Ibarra</subfield>
  </datafield>
  <datafield tag="546" ind1=" " ind2=" ">
    <subfield code="a">Texto en : portugu&#xE9;s y espa&#xF1;ol</subfield>
  </datafield>
  <datafield tag="650" ind1="1" ind2="4">
    <subfield code="a">Cartograf&#xED;a</subfield>
    <subfield code="x">Historia</subfield>
    <subfield code="z">Am&#xE9;rica</subfield>
    <subfield code="9">21152</subfield>
  </datafield>
  <datafield tag="651" ind1=" " ind2="4">
    <subfield code="a">Am&#xE9;rica</subfield>
    <subfield code="v">Mapas</subfield>
    <subfield code="x">Descubrimiento y exploraci&#xF3;n</subfield>
    <subfield code="9">21153</subfield>
  </datafield>
  <datafield tag="651" ind1=" " ind2="4">
    <subfield code="a">Am&#xE9;rica</subfield>
    <subfield code="v">Mapas</subfield>
    <subfield code="y">Obras anteriores a 1800</subfield>
    <subfield code="9">21154</subfield>
  </datafield>
  <datafield tag="651" ind1=" " ind2="4">
    <subfield code="a">Am&#xE9;rica</subfield>
    <subfield code="x">Geograf&#xED;a hist&#xF3;rica</subfield>
    <subfield code="9">21155</subfield>
  </datafield>
  <datafield tag="700" ind1="1" ind2=" ">
    <subfield code="a">Roque de Oliveira, Francisco</subfield>
    <subfield code="e">coord.</subfield>
    <subfield code="9">21156</subfield>
  </datafield>
  <datafield tag="700" ind1="1" ind2=" ">
    <subfield code="a">Mendoza Vargas, H&#xE9;ctor</subfield>
    <subfield code="e">coord.</subfield>
    <subfield code="9">7035</subfield>
  </datafield>
  <datafield tag="740" ind1="0" ind2=" ">
    <subfield code="a">Mapas de la mitad del mundo. La cartograf&#xED;a y la construcci&#xF3;n territorial de los espacios americanos : siglos XVI al XIX</subfield>
  </datafield>
  <datafield tag="942" ind1=" " ind2=" ">
    <subfield code="2">lcc</subfield>
    <subfield code="c">B</subfield>
  </datafield>
  <datafield tag="999" ind1=" " ind2=" ">
    <subfield code="c">8114</subfield>
    <subfield code="d">8114</subfield>
  </datafield>
  <datafield tag="952" ind1=" " ind2=" ">
    <subfield code="0">0</subfield>
    <subfield code="1">0</subfield>
    <subfield code="4">0</subfield>
    <subfield code="7">0</subfield>
    <subfield code="a">BRCA</subfield>
    <subfield code="b">BRCA</subfield>
    <subfield code="d">2015-10-29</subfield>
    <subfield code="l">0</subfield>
    <subfield code="o">GA401 .M37 2010</subfield>
    <subfield code="p">02893</subfield>
    <subfield code="r">2019-03-22 00:00:00</subfield>
    <subfield code="w">2019-03-22</subfield>
    <subfield code="y">B</subfield>
  </datafield>
  <datafield tag="952" ind1=" " ind2=" ">
    <subfield code="0">0</subfield>
    <subfield code="1">0</subfield>
    <subfield code="2">lcc</subfield>
    <subfield code="4">0</subfield>
    <subfield code="7">0</subfield>
    <subfield code="a">BRCA</subfield>
    <subfield code="b">BRCA</subfield>
    <subfield code="d">2022-06-29</subfield>
    <subfield code="l">0</subfield>
    <subfield code="o">GA401 .M37 2010</subfield>
    <subfield code="p">CONT9948</subfield>
    <subfield code="r">2022-06-29 00:00:00</subfield>
    <subfield code="w">2022-06-29</subfield>
    <subfield code="y">B</subfield>
  </datafield>
</record>
